Reforma tributaria estructural / (Registro nro. 7618)
[ vista simple ]
| 000 -LEADER | |
|---|---|
| fixed length control field | 01325nam a2200265Ia 4500 |
| 003 - CONTROL NUMBER IDENTIFIER | |
| control field | OSt |
| 005 - DATE AND TIME OF LATEST TRANSACTION | |
| control field | 20210419165144.0 |
| 008 - FIXED-LENGTH DATA ELEMENTS--GENERAL INFORMATION | |
| fixed length control field | 210310s2006 ck gr 000 0 spa d |
| 020 ## - INTERNATIONAL STANDARD BOOK NUMBER | |
| International Standard Book Number | 9589285643 |
| 040 ## - CATALOGING SOURCE | |
| Original cataloging agency | CO-JMCR |
| Transcribing agency | CO-JMCR |
| 041 0# - LANGUAGE CODE | |
| Language code of text/sound track or separate title | spa |
| 082 04 - DEWEY DECIMAL CLASSIFICATION NUMBER | |
| Classification number | 336.205 / |
| Item number | A824r |
| Edition number | 23 |
| 100 1# - MAIN ENTRY--PERSONAL NAME | |
| Personal name | Ayala, Horacio, |
| 9 (RLIN) | 14956 |
| Dates associated with a name | autor |
| 245 10 - TITLE STATEMENT | |
| Title | Reforma tributaria estructural / |
| Statement of responsibility, etc. | Horacio Ayala |
| 260 ## - PUBLICATION, DISTRIBUTION, ETC. | |
| Place of publication, distribution, etc. | Bogotá : |
| Name of publisher, distributor, etc. | Konrad Adenauer Stiftung, |
| Date of publication, distribution, etc. | 2006 |
| 300 ## - PHYSICAL DESCRIPTION | |
| Extent | 101 páginas ; |
| Dimensions | 21 cm. |
| 490 0# - SERIES STATEMENT | |
| Series statement | Debate político ; |
| Volume/sequential designation | No. 19 |
| 500 ## - GENERAL NOTE | |
| General note | Incluye notas a pie de página. |
| 504 ## - BIBLIOGRAPHY, ETC. NOTE | |
| Bibliography, etc. note | Bibliografía: páginas 94-97 |
| 505 0# - FORMATTED CONTENTS NOTE | |
| Formatted contents note | Presentación de Juan Camilo Restrepo -- La voluntad política -- La constitución y los impuestos -- Las renuncias fiscales -- Las rentas de trabajo -- La tributación y la contabilidad -- Los impuestos y la inflación -- Precios de transferencia y paraísos fiscales -- Las presunciones -- Tributación de la inversión extranjera -- El impuesto sobre las ventas -- Impuesto de timbre nacional -- Gravamen a los movimientos financieros -- Impuestos territoriales -- Contribuciones parafiscales |
| 650 14 - SUBJECT ADDED ENTRY--TOPICAL TERM | |
| Topical term or geographic name entry element | Reforma tributaria |
| 9 (RLIN) | 14958 |
| Geographic subdivision | Colombia |
| 650 24 - SUBJECT ADDED ENTRY--TOPICAL TERM | |
| Topical term or geographic name entry element | Impuestos sobre la renta |
| Geographic subdivision | Colombia |
| 9 (RLIN) | 36945 |
| 650 24 - SUBJECT ADDED ENTRY--TOPICAL TERM | |
| Topical term or geographic name entry element | Impuestos sobre las ventas |
| Geographic subdivision | Colombia |
| 9 (RLIN) | 36987 |
| 942 ## - ADDED ENTRY ELEMENTS (KOHA) | |
| Source of classification or shelving scheme | Dewey Decimal Classification |
| Koha item type | Books |
| Withdrawn status | Lost status | Source of classification or shelving scheme | Damaged status | Not for loan | Collection code | Home library | Current library | Date acquired | Source of acquisition | Total Checkouts | Total Renewals | Full call number | Barcode | Date last seen | Date last checked out | Copy number | Koha item type |
|---|---|---|---|---|---|---|---|---|---|---|---|---|---|---|---|---|---|
| Dewey Decimal Classification | Non-fiction | Biblioteca Pública José María del Castillo y Rada | Biblioteca Pública José María del Castillo y Rada | 04/15/2018 | Donación | 1 | 2 | 336.205 / A824r | 430004575 | 03/05/2026 | 01/29/2026 | Ej.1 | Books |